| 000 | 00485nam a2200205Ia 4500 | ||
|---|---|---|---|
| 005 | 20250425162645.0 | ||
| 008 | 250425s9999 xx 000 0 und d | ||
| 020 | _a0471627828 | ||
| 041 | _aeng | ||
| 043 | _axxu | ||
| 082 | _a543 | ||
| 245 | 0 | _aPRACTICAL HPLC METHOD DEVELOPMENT | |
| 250 | _aS.E | ||
| 260 |
_aEstados Unidos _bA WILEY-INTERSCIENCE PUBLICATION _c1988 |
||
| 260 | _aNEW YORK | ||
| 300 | _a260 | ||
| 650 | _aQUIMICA TECNICA | ||
| 942 | _c01 | ||
| 010 | _a94778 | ||
| 999 |
_c233758 _d233758 |
||